[Event "4NCL/Div4/MET vs. WOB"]
[Site "Birmingham ENG"]
[Date "2007.10.28"]
[Round "2.5"]
[White "Murphy, Kieran"]
[Black "Parry, Matthew"]
[Result "1/2-1/2"]
[WhiteElo "2033"]
[BlackElo "1855"]
[PlyCount "85"]
[EventDate "2007.10.28"]
[EventType "team"]
[EventRounds "11"]
[EventCountry "ENG"]
[SourceDate "2007.09.15"]

1. Nf3 g6 2. c4 Bg7 3. Nc3 d6 4. d4 Nf6 5. e4 O-O 6. Be2 Nbd7 7. h3 c5 8. d5
Ne8 9. Bf4 f5 10. exf5 Rxf5 11. Bg3 Ne5 12. O-O e6 13. Nh4 Rf7 14. f4 g5 15.
fxe5 Rxf1+ 16. Qxf1 gxh4 17. Bh2 Bxe5 18. Bxe5 dxe5 19. Qf3 Ng7 20. Ne4 Nf5 21.
Qg4+ Kh8 22. Ng5 Qg8 23. dxe6 Bxe6 24. Nxe6 Qxe6 25. Rf1 Nd4 26. Qxe6 Nxe6 27.
Rf7 Nf4 28. Bf3 Rg8 29. Kf2 Nd3+ 30. Ke3 Nxb2 31. Rxb7 Nxc4+ 32. Kd3 Nd6 33.
Rxa7 e4+ 34. Bxe4 Nxe4 35. Kxe4 Rxg2 36. Rc7 Rc2 37. Kd5 Rxa2 38. Kxc5 Ra3 39.
Kd5 Rxh3 40. Ke4 Rg3 41. Kf4 Rg1 42. Rc3 h5 43. Rc5 1/2-1/2

[Event "4NCL/Div4/MET vs. WOB"]
[Site "Birmingham ENG"]
[Date "2007.10.28"]
[Round "2.6"]
[White "Griffiths, Hywel"]
[Black "Cooke, Charlie"]
[Result "0-1"]
[WhiteElo "1693"]
[BlackElo "1845"]
[PlyCount "36"]
[EventDate "2007.10.28"]
[EventType "team"]
[EventRounds "11"]
[EventCountry "ENG"]
[SourceDate "2007.09.15"]

1. b4 d5 2. Bb2 Bf5 3. Nf3 e6 4. b5 h6 5. e3 Nf6 6. c4 dxc4 7. Bxc4 Be7 8. O-O
Bd3 9. Bxd3 Qxd3 10. a4 Nbd7 11. Ne5 Nxe5 12. Bxe5 Bd6 13. Bxf6 gxf6 14. Qf3
O-O-O 15. Qxf6 Rdf8 16. Qc3 Qf5 17. Na3 Rhg8 18. Nc4 Rxg2+ 0-1

[Event "4NCL/Div4/PPA2 vs. AMCAH"]
[Site "Birmingham ENG"]
[Date "2007.10.28"]
[Round "2.1"]
[White "Winfridsson, Ola"]
[Black "Davda, Rahil"]
[Result "1-0"]
[WhiteElo "2108"]
[BlackElo "1833"]
[PlyCount "47"]
[EventDate "2007.10.28"]
[EventType "team"]
[EventRounds "11"]
[EventCountry "ENG"]
[SourceDate "2007.09.15"]

1. d4 f5 2. Nc3 Nf6 3. Bg5 e6 4. e4 fxe4 5. Nxe4 Be7 6. Ng3 d5 7. Bd3 Nbd7 8.
Nf3 b6 9. Qe2 Kf7 10. O-O-O Ne8 11. h4 h6 12. Rde1 Ndf6 13. Ne5+ Kg8 14. Ng6
hxg5 15. hxg5 Rxh1 16. Rxh1 Bd6 17. Rh8+ Kf7 18. gxf6 Qxf6 19. Nh5 Qg5+ 20. f4
Qd8 21. Nxg7 Kxg7 22. Qh5 Bb7 23. Qh6+ Kf7 24. Rf8+ 1-0

[Event "4NCL/Div4/PPA2 vs. AMCAH"]
[Site "Birmingham ENG"]
[Date "2007.10.28"]
[Round "2.2"]
[White "Moore, Andrew"]
[Black "Goodger, Martyn"]
[Result "0-1"]
[WhiteElo "1865"]
[BlackElo "2067"]
[PlyCount "58"]
[EventDate "2007.10.28"]
[EventType "team"]
[EventRounds "11"]
[EventCountry "ENG"]
[SourceDate "2007.09.15"]

1. d4 f5 2. c4 Nf6 3. Nc3 e6 4. Nf3 Be7 5. Bf4 O-O 6. e3 d6 7. Bd3 Nc6 8. O-O
Qe8 9. Bg3 Qh5 10. Nd2 Qh6 11. f4 Bd7 12. Qe2 Rae8 13. a3 Nh5 14. d5 Nd8 15.
Nf3 Nxg3 16. hxg3 e5 17. Bc2 Nf7 18. Kf2 Qf6 19. Rh1 Nh6 20. Rag1 Bd8 21. Nd1
c6 22. dxc6 bxc6 23. Qd2 Ng4+ 24. Ke2 Bc8 25. Rh4 Ba6 26. b3 exf4 27. gxf4 Bb6
28. Rxg4 fxg4 29. Ng5 Qxf4 0-1

[Event "4NCL/Div4/PPA2 vs. AMCAH"]
[Site "Birmingham ENG"]
[Date "2007.10.28"]
[Round "2.3"]
[White "Taylor, Robert K"]
[Black "Chapman, Timothy J"]
[Result "1-0"]
[WhiteElo "2106"]
[BlackElo "1815"]
[PlyCount "47"]
[EventDate "2007.10.28"]
[EventType "team"]
[EventRounds "11"]
[EventCountry "ENG"]
[SourceDate "2007.09.15"]

1. e4 e5 2. Nf3 Nc6 3. c3 d5 4. Bb5 f6 5. Qa4 Nge7 6. exd5 Qxd5 7. O-O Bd7 8.
d4 a6 9. c4 Qd6 10. dxe5 Nxe5 11. Nxe5 Bxb5 12. cxb5 Qxe5 13. bxa6+ b5 14. Qb3
Qd5 15. Qg3 O-O-O 16. Nc3 Qc6 17. Bf4 Ng6 18. Rac1 Nxf4 19. Qxf4 Bd6 20. Qf5+
Qd7 21. Qf3 Qf7 22. Nxb5 Kd7 23. Nxd6 Kxd6 24. Qf4+ 1-0

[Event "4NCL/Div4/PPA2 vs. AMCAH"]
[Site "Birmingham ENG"]
[Date "2007.10.28"]
[Round "2.4"]
[White "Jerzynek, Neil"]
[Black "McMahon, Paul"]
[Result "0-1"]
[WhiteElo "1755"]
[BlackElo "2031"]
[PlyCount "48"]
[EventDate "2007.10.28"]
[EventType "team"]
[EventRounds "11"]
[EventCountry "ENG"]
[SourceDate "2007.09.15"]

1. e4 d5 2. exd5 Qxd5 3. Nc3 Qd6 4. d4 Nf6 5. Nf3 a6 6. Be3 Nc6 7. Be2 Bf5 8.
Qd2 O-O-O 9. O-O-O e6 10. Ng5 Qd7 11. Rhe1 h6 12. Nf3 Bb4 13. Ne5 Nxe5 14. dxe5
Nd5 15. Bd3 Qc6 16. Bd4 Nxc3 17. Bxc3 Bxc3 18. Qxc3 Qxg2 19. Rg1 Qxf2 20. Rxg7
Rd7 21. b3 Rhd8 22. Rgg1 Qe3+ 23. Kb1 Bxd3 24. Rxd3 Qxg1+ 0-1

[Event "4NCL/Div4/PPA2 vs. AMCAH"]
[Site "Birmingham ENG"]
[Date "2007.10.28"]
[Round "2.5"]
[White "Lawrence, Roy"]
[Black "Meechan, Catriona"]
[Result "1-0"]
[WhiteElo "1820"]
[BlackElo "1710"]
[PlyCount "83"]
[EventDate "2007.10.28"]
[EventType "team"]
[EventRounds "11"]
[EventCountry "ENG"]
[SourceDate "2007.09.15"]

1. d4 g6 2. Nf3 Bg7 3. c4 d6 4. e4 Nd7 5. Nc3 c6 6. Be2 Qc7 7. Bf4 e5 8. Be3
Ngf6 9. h3 O-O 10. O-O h6 11. Nh4 b6 12. Qd2 Kh7 13. f4 Bb7 14. fxe5 dxe5 15.
d5 cxd5 16. exd5 Nc5 17. Nb5 Qc8 18. Rac1 a6 19. Nd6 Qc7 20. Nxb7 Nxb7 21. Qb4
Nc5 22. Bxc5 Qxc5+ 23. Qxc5 bxc5 24. Rfd1 Rfd8 25. Nf3 Ne4 26. Bd3 Nd6 27. Nd2
Rab8 28. b3 f5 29. Re1 e4 30. Be2 g5 31. g3 Kg6 32. Bd1 Re8 33. Bc2 Bc3 34. Re2
Rb7 35. Nf1 Bb4 36. Rd1 Rbe7 37. Ne3 f4 38. gxf4 gxf4 39. Rg2+ Kh5 40. Ng4 Rf8
41. Nf2 e3 42. Bg6+ 1-0

[Event "4NCL/Div4/repaired - friendly"]
[Site "Birmingham ENG"]
[Date "2007.10.28"]
[Round "2"]
[White "Andreev, Peter"]
[Black "Lowry-O'Reilly, Johanna"]
[Result "1-0"]
[WhiteElo "1705"]
[BlackElo "1365"]
[PlyCount "43"]
[EventDate "2007.10.27"]
[EventType "game"]
[EventCountry "ENG"]
[SourceDate "2007.09.15"]

1. e4 d5 2. exd5 Qxd5 3. Nc3 Qa5 4. d4 Nf6 5. Nf3 c6 6. Bd3 e6 7. O-O Bb4 8.
Bd2 O-O 9. a3 Bxc3 10. Bxc3 Qd8 11. Ne5 Nbd7 12. Qe2 Nxe5 13. dxe5 Nd5 14. Bd2
h6 15. Qh5 Ne7 16. Rad1 Re8 17. Bxh6 g6 18. Bxg6 fxg6 19. Rxd8 Rxd8 20. Qg5 Rd7
21. Qf6 Kh7 22. Qg7# 1-0

[Event "4NCL/Div4/repaired - friendly"]
[Site "Birmingham ENG"]
[Date "2007.10.28"]
[Round "2"]
[White "Fryer, Kieran"]
[Black "Jennings, Michael"]
[Result "1/2-1/2"]
[WhiteElo "1560"]
[BlackElo "1780"]
[PlyCount "118"]
[EventDate "2007.10.27"]
[EventType "game"]
[EventCountry "ENG"]
[SourceDate "2007.09.15"]

1. e4 d5 2. exd5 Qxd5 3. Nc3 Qa5 4. d4 Nf6 5. Bd2 c6 6. Nf3 Bf5 7. Bd3 Bxd3 8.
cxd3 e6 9. O-O Bd6 10. Ne4 Qc7 11. Nxd6+ Qxd6 12. Be3 O-O 13. h3 Nbd7 14. a3
Nd5 15. Qd2 Nxe3 16. Qxe3 Nf6 17. Qe5 Rfd8 18. Rfd1 Rd7 19. Qxd6 Rxd6 20. Rd2
Rad8 21. Rad1 Nd5 22. g3 Nc7 23. a4 b5 24. b3 bxa4 25. bxa4 Rb8 26. Rc2 h6 27.
Rc4 a5 28. Rdc1 Rb3 29. R1c3 Rxc3 30. Rxc3 Nd5 31. Rc4 Nb4 32. Rc5 Rd5 33. Rxd5
cxd5 34. Ne1 Na2 35. Kf1 Nc3 36. f4 Nxa4 37. Ke2 Nb6 38. g4 Kf8 39. Kd2 Ke7 40.
Kc2 Kd6 41. Kb3 g5 42. fxg5 hxg5 43. Nf3 f6 44. h4 gxh4 45. Nxh4 Ke7 46. Nf3
Kd6 47. g5 fxg5 48. Nxg5 Ke7 49. Nf3 Kd6 50. Ne5 Kc7 51. Ka3 Kb7 52. Kb3 Ka6
53. Nc6 Kb5 54. Nd8 a4+ 55. Ka3 Ka5 56. Nxe6 Kb5 57. Nf4 Ka5 58. Ne2 Kb5 59.
Nc3+ Ka5 1/2-1/2